000 00346nam a2200121Ia 4500
008 240731s9999 xx 000 0 und d
022 _a1939-912X
245 4 _aThe Clearing House: A Journal of Educational Strategies, Issues and Ideas
260 _bRoutledge
856 _uhttps://www.tandfonline.com/loi/vtch20
942 _2ddc
942 _cTFEJ
999 _c79876
_d79876
945 _a1
_bMadushi Gamage
_c1
_dMadushi Gamage